000 00767nas a2200265Ia 4500
001 A50/R024-21000 [r000020156]
003 IT-MiCISF
008 161014c99999999xx |||||||||||| ||und||
040 _aIT-MiCISF
_cIT-MiCISF
041 _aITALIANO
100 _aDel Colle Beppe
210 _aFamiglia oggi
222 _aFamiglia oggi
245 0 _aLe lucciole venute dall'est
250 _a1a ed.
260 _c1998
501 _bCISF - Centro Internazionale Studi Famiglia - Via Giotto, 36 20145 MILANO (non commercial uses only)
_cCopyright 2016
300 _app. 74-75
362 _an. 4, aprile [1998]
500 _a Tema: prostituzione, società
650 _asocietà
_varticolo
700 _aAA.VV.
942 _cCR
957 _71
999 _a21000
_bSi
_g1
_c240575
_d240575